| 000 | 00352nam a22001457a 4500 | ||
|---|---|---|---|
| 020 | _qPB. | ||
| 040 | _cFIZZA ISHAQ | ||
| 082 |
_a624.171 _bRCH |
||
| 100 |
_aHIBBELER,C.R. _9110413 |
||
| 245 |
_aSTRUCTURAL ANALYSIS SI UNITS / _cR.C HIBBELER. |
||
| 250 | _a9TH ED. | ||
| 260 |
_aNEW DELHI ; _bPEARSON, _c2018. |
||
| 300 | _a691 P. ; | ||
| 942 |
_2ddc _cBK |
||
| 999 |
_c593770 _d593770 |
||